Spon's railways and construction price book (Record no. 104848)
[ view plain ]
| 000 -LEADER | |
|---|---|
| fixed length control field | 01149cam a2200229 4500 |
| 001 - CONTROL NUMBER | |
| control field | ##L131813 |
| 008 - FIXED-LENGTH DATA ELEMENTS--GENERAL INFORMATION | |
| fixed length control field | 051209n2003 000 0 eng u |
| 020 ## - INTERNATIONAL STANDARD BOOK NUMBER | |
| International Standard Book Number | 0415326230 |
| 035 ## - SYSTEM CONTROL NUMBER | |
| System control number | (Sirsi) u131813 |
| 041 0# - LANGUAGE CODE | |
| Language code of text/sound track or separate title | eng |
| 050 04 - LIBRARY OF CONGRESS CALL NUMBER | |
| Classification number | 695.2 $2 18 |
| -- | 338.4362510941 $2 21 |
| 245 00 - TITLE STATEMENT | |
| Title | Spon's railways and construction price book |
| 250 ## - EDITION STATEMENT | |
| Edition statement | 2nd ed. |
| 260 ## - PUBLICATION, DISTRIBUTION, ETC. | |
| Place of publication, distribution, etc. | London |
| Name of publisher, distributor, etc. | Spon Press |
| Date of publication, distribution, etc. | 2003 |
| 300 ## - PHYSICAL DESCRIPTION | |
| Extent | xxxvii, 415p. |
| Dimensions | 26cm. |
| 350 ## - PRICE (NR) (BK AM CF MU VM SE) [OBSOLETE] | |
| Price | 225 |
| 520 ## - SUMMARY, ETC. | |
| Summary, etc. | Extended second edition of a reference source giving details of the key drivers and components that affect the cost of railway construction projects. Aimed at companies looking to participate in the regeneration of the UK rail network, designers, engineers, surveyors, project managers and contractors. Contains: measured rates on signalling; AC and DC electrification; permanent way; telecommunications; property - new build and refurbishmen; level crossings; bridges; tunnels; general civils. Includes appendices of useful addresses and location factors. |
| 690 ## - LOCAL SUBJECT ADDED ENTRY--TOPICAL TERM (OCLC, RLIN) | |
| Topical term or geographic name as entry element | BUILT ENVIRONMENT-BUILDING COSTS |
| 710 2# - ADDED ENTRY--CORPORATE NAME | |
| Corporate name or jurisdiction name as entry element | Frankin and Andrews Ltd. |
| 9 (RLIN) | 4847 |
| 942 ## - ADDED ENTRY ELEMENTS (KOHA) | |
| Suppress in OPAC | 0 |
| Withdrawn status | Lost status | Source of classification or shelving scheme | Damaged status | Not for loan | Home library | Current library | Shelving location | Date acquired | Cost, normal purchase price | Total Checkouts | Full call number | Barcode | Date last seen | Date last checked out | Copy number | Cost, replacement price | Price effective from | Koha item type |
|---|---|---|---|---|---|---|---|---|---|---|---|---|---|---|---|---|---|---|
| Dewey Decimal Classification | London | London | Books | 23/12/2005 | 225.00 | 17 | 692.5 SPO | 30071471 | 06/08/2019 | 18/02/2010 | 1 | 225.00 | 06/08/2019 | Book |